Psychológia pre manažérov a podnikateľov
Salvato in:
| Autore principale: | |
|---|---|
| Ente Autore: | |
| Natura: | Libro |
| Lingua: | slovacco |
| Pubblicazione: |
Bratislava
Sprint vfra
2007
|
| Edizione: | 2. dopln. vyd. |
| Soggetti: | |
| Tags: |
Nessun Tag, puoi essere il primo ad aggiungerne!!
|
MARC
| LEADER | 00000nam$a2200000$$$4500 | ||
|---|---|---|---|
| 001 | 0050128 | ||
| 005 | 20240502071557.9 | ||
| 020 | |a 80-89085-77-6 | ||
| 041 | 0 | |a slo | |
| 044 | |a SK | ||
| 245 | 1 | 0 | |a Psychológia pre manažérov a podnikateľov |c Miroslava Szarková |
| 250 | |a 2. dopln. vyd. | ||
| 264 | 1 | |a Bratislava |b Sprint vfra |c 2007 | |
| 300 | |a 286 s. | ||
| 610 | 2 | 0 | |a psychológia |
| 610 | 2 | 0 | |a manažéri |
| 610 | 2 | 0 | |a podnikatelia |
| 610 | 2 | 0 | |a osobnosť |
| 610 | 2 | 0 | |a psychológia sociálna |
| 610 | 2 | 0 | |a psychológia ekonomická |
| 610 | 2 | 0 | |a psychológia práce |
| 610 | 2 | 0 | |a motivácia |
| 610 | 2 | 0 | |a správanie spotrebiteľa |
| 100 | 1 | |a Szarková, Miroslava, 1951- | |
| 710 | 2 | |a Ekonomická univerzita v Bratislave | |